Statistics for Lana Del Rey (feat. Father John Misty) - Let The Light In (Lyrics)

Click here to take the quiz!

General Stats

  • This quiz has been taken 282 times
  • The average score is 223 of 270

Answer Stats

Answer% Correct
You
100%
you
100%
a
99%
I,
99%
I
99%
to,
99%
to
99%
the
97%
At
96%
at
96%
let
96%
light
96%
light,
96%
in
95%
On
95%
on,
95%
on
95%
do
94%
your
94%
back
93%
wanna
92%
wanna,
92%
want
92%
'cause
91%
'cause,
91%
'Cause
91%
'cause
91%
it
91%
it,
91%
again
90%
come
90%
so
87%
up
87%
go
86%
Pick
86%
turn
86%
and
85%
be
85%
love,
85%
love
85%
quarter
85%
door
84%
me,
84%
some
84%
three
84%
us,
84%
can
83%
eat
83%
hate,
82%
hate
82%
something
82%
around,
80%
around
80%
if
80%
yelling
80%
Ask
78%
Look
78%
over
78%
got
77%
Got
77%
get
76%
need
76%
nothing
76%
two
75%
we
75%
know
74%
one
74%
Drive
72%
drunk,
72%
have
72%
fun
70%
I'm
69%
sleep
68%
Usually
68%
who
68%
like
67%
girl
66%
bed
63%
you're
63%
Don't
63%
Put
63%
say
63%
that
63%
every
62%
kinda
62%
time
62%
Beatles
60%
this
60%
already
59%
just
59%
never
59%
song
59%
acting
58%
gonna
58%
stop,
58%
my
56%
babe,
55%
TV
55%
of
54%
candles,
53%
home,
53%
under
53%
dress
52%
smile,
52%
should
50%
overcoat
48%
Screw
48%
record
47%
tight
47%
night,
46%
Wake
46%
head
43%
songs
43%
maybe
41%
shining
41%
flowers
38%
write
38%
how
37%
much
36%
life
34%
there's
32%
vase,
32%
riding
30%
lie
29%

Score Distribution

Percentile by Number Answered

Percent of People with Each Score

Your Score History

You have not taken this quiz